A Middle School English Course / (Record no. 5766)
[ view plain ]
| 000 -LEADER | |
|---|---|
| fixed length control field | 00560nam a2200217 a 4500 |
| 001 - CONTROL NUMBER | |
| JCCL Control Number | 5766 |
| 003 - CONTROL NUMBER IDENTIFIER | |
| JCCL marc code | BD-JhCC |
| 005 - DATE AND TIME OF LATEST TRANSACTION | |
| control field | 20171221094651.0 |
| 008 - FIXED-LENGTH DATA ELEMENTS--GENERAL INFORMATION | |
| fixed length control field | 171221s19331953e |||| || | 000 0 eng d |
| 035 ## - SYSTEM CONTROL NUMBER | |
| system control number | (BD-JhCC)5766 |
| 040 ## - CATALOGING SOURCE | |
| Original cataloging agency | BD-JhCC |
| Modifying agency | BD-JhCC |
| 041 ## - LANGUAGE CODE | |
| Language code of Book | eng |
| 082 ## - DEWEY DECIMAL CLASSIFICATION NUMBER | |
| Classification number | 428 |
| Author mark and Year | WOO 1953 |
| 100 ## - MAIN ENTRY--PERSONAL NAME | |
| Personal name | Wood, Frederick T. |
| 245 ## - TITLE STATEMENT | |
| Title | A Middle School English Course / |
| Statement of responsibility, etc | Frederick T. Wood, |
| 260 ## - PUBLICATION, DISTRIBUTION, ETC. (IMPRINT) | |
| Place of publication, distribution, etc | London : |
| Name of publisher, distributor, etc | Macmillan and CO. Ltd, |
| Date of publication, distribution, etc | 1953. |
| 300 ## - PHYSICAL DESCRIPTION | |
| Pagination | 184 p. : |
| Dimensions | 18 cm. |
| 650 ## - SUBJECT ADDED ENTRY--TOPICAL TERM | |
| Topical term or geographic name as entry element | English Language |
| 942 ## - ADDED ENTRY ELEMENTS (KOHA) | |
| Source of classification or shelving scheme | Dewey Decimal Classification |
| Koha item type | Books |
| Source of classification or shelving scheme | Damaged status | Not for loan | Home library | Current library | Shelving location | Date of accession | Total Checkouts | Full call number | Barcode | Date last seen | Copy number | Koha item type |
|---|---|---|---|---|---|---|---|---|---|---|---|---|
| Dewey Decimal Classification | JCC Rouf Library | JCC Rouf Library | General Stacks | 12/21/2017 | 428 WOO 1953 | 8043 | 12/21/2017 | C - 1 | Books | |||
| Dewey Decimal Classification | JCC Rouf Library | JCC Rouf Library | General Stacks | 03/12/2018 | 428 WOO 1953 | 11425 | 03/12/2018 | C-2 | Books |